| 000 | 00984cam a2200265 a 4500 | ||
|---|---|---|---|
| 001 | 13864512 | ||
| 005 | 20050523123113.0 | ||
| 008 | 050208s2002 enka b 001 0 eng | ||
| 010 | _a 2005271569 | ||
| 020 | _a0632039787 | ||
| 040 |
_aDLC _cDLC _dDLC |
||
| 050 | 0 | 0 |
_aTA666 _b.O93 2002 |
| 082 | 0 | 0 |
_a694 _222 _bOZE |
| 100 | 1 | _aOzelton, E. C. | |
| 245 | 1 | 0 |
_aTimber designers' manual / _cE.C. Ozelton & J. A. Baird. |
| 250 |
_a3rd ed. _bRev.by E.C. Ozelton. |
||
| 260 |
_aOxford, UK : _bBlackwell Science, _cc2002. |
||
| 300 |
_axii, 542 p. : _bill. ; _c24 cm. |
||
| 500 | _aIncludes index. | ||
| 650 | 0 |
_aBuilding, Wooden _xHandbooks, manuals, etc. |
|
| 700 | 1 |
_aBaird, J. A. _q(Jack A.) |
|
| 942 |
_2ddc _cBB |
||
| 999 |
_c10580 _d10580 |
||